[Event "FICS rated blitz game"]
[Site "FICS freechess.org"]
[Date "2018.01.19"]
[Round "?"]
[White "RADACK"]
[Black "SomanNair"]
[Result "0-1"]
[WhiteElo "1536"]
[BlackElo "1502"]
[PlyCount "68"]
[EventDate "2018.??.??"]
[EventType "blitz"]

1. e4 e5 2. Nf3 Nc6 3. c3 Nf6 4. Qc2 Be7 5. d4 d6 6. d5 Nb8 7. h3 O-O 8. c4 h6
9. Bd3 Nh7 10. Nc3 Nd7 11. Be3 b6 12. b4 a5 13. bxa5 Rxa5 14. O-O Nc5 15. Nb5
Nxd3 16. Qxd3 Bd7 17. a4 f5 18. exf5 Bxf5 19. Qd2 Bxh3 20. gxh3 Rxf3 21. Kg2
Qf8 22. Nxc7 Ng5 23. Bxg5 Bxg5 24. Qe2 Rf6 25. Ne6 Qf7 26. Ra3 Qg6 27. Nxg5
Qxg5+ 28. Rg3 Qf5 29. Qb2 Rxa4 30. Qxb6 Rxc4 31. Qa7 Rg6 32. Qa6 Rxg3+ 33. fxg3
Rc2+ 34. Kg1 Qe4 0-1

[Event "FICS rated blitz game"]
[Site "FICS freechess.org"]
[Date "2018.01.19"]
[Round "?"]
[White "Carolin"]
[Black "xsus"]
[Result "1-0"]
[WhiteElo "1365"]
[BlackElo "1641"]
[PlyCount "21"]
[EventDate "2018.??.??"]
[EventType "blitz"]

1. e4 e5 2. Nf3 Nc6 3. c3 d5 4. exd5 Qxd5 5. b3 e4 6. Bc4 Qh5 7. Qe2 Nf6 8. Qe3
Be6 9. Bxe6 fxe6 10. Nd4 Ne5 11. O-O 1-0

[Event "FICS rated blitz game"]
[Site "FICS freechess.org"]
[Date "2018.01.19"]
[Round "?"]
[White "AFRF"]
[Black "pholki"]
[Result "1-0"]
[WhiteElo "1380"]
[BlackElo "1388"]
[PlyCount "65"]
[EventDate "2018.??.??"]
[EventType "blitz"]

1. e4 e5 2. Nf3 Nc6 3. c3 d6 4. d4 Be7 5. dxe5 Nxe5 6. Nxe5 dxe5 7. Qxd8+ Bxd8
8. Be3 Nf6 9. Nd2 O-O 10. O-O-O Be7 11. f4 exf4 12. Bxf4 Bd6 13. Bxd6 cxd6 14.
Bc4 Bg4 15. Rde1 a6 16. h3 Be6 17. Bxe6 fxe6 18. e5 dxe5 19. Rxe5 Rad8 20. Rxe6
Nd5 21. Nc4 Rf2 22. g4 Nf4 23. Ne5 Rdd2 24. Nc4 Rc2+ 25. Kd1 Rfd2+ 26. Nxd2
Rxb2 27. Re4 Rb1+ 28. Nxb1 Nd5 29. Rhe1 Nf6 30. Re7 h6 31. Rxb7 Kh7 32. Ree7
Kg6 33. Rxg7# {Black checkmated} 1-0

[Event "FICS rated blitz game"]
[Site "FICS freechess.org"]
[Date "2018.01.19"]
[Round "?"]
[White "Robeto"]
[Black "darnakas"]
[Result "0-1"]
[WhiteElo "1637"]
[BlackElo "1515"]
[PlyCount "130"]
[EventDate "2018.??.??"]
[EventType "blitz"]

1. e4 e5 2. Nf3 Nc6 3. c3 Nf6 4. d4 d6 5. d5 Ne7 6. Bd3 Ng6 7. c4 Be7 8. Nc3
O-O 9. h3 c6 10. O-O Re8 11. dxc6 bxc6 12. b4 Be6 13. a4 Qd7 14. b5 Rec8 15.
Bb2 Bxh3 16. gxh3 Qxh3 17. Nh2 Nf4 18. Qf3 N6h5 19. Qxh3 Nxh3+ 20. Kg2 N5f4+
21. Kg3 Nxd3 22. Kxh3 Nxb2 23. Ra2 Nd3 24. Rd2 Nf4+ 25. Kg3 cxb5 26. axb5 Rxc4
27. Nd5 Nxd5 28. Rxd5 Rxe4 29. Ra1 Bh4+ 30. Kg2 Rd4 31. Rxd4 exd4 32. Nf3 Bf6
33. b6 Rb8 34. bxa7 Ra8 35. Ra6 h6 36. Nd2 d3 37. f4 Bd4 38. Kf3 Rxa7 39. Rxd6
Bf6 40. Rxd3 Ra2 41. Ne4 Be7 42. Rb3 Ra3 43. Rxa3 Bxa3 44. f5 Kf8 45. Kg4 Ke7
46. Kf3 Bb4 47. Kf4 Bd6+ 48. Kg4 Be5 49. Kh5 Bf6 50. Kg4 Kd7 51. Kf4 Kc6 52.
Ke3 Kd5 53. Kf4 Be5+ 54. Kf3 Bc7 55. Ng3 Ke5 56. Kg4 g6 57. fxg6 fxg6 58. Ne2
Kf6 59. Ng1 h5+ 60. Kh3 g5 61. Nf3 Kf5 62. Ng1 Bd8 63. Kg2 g4 64. Kg3 Bg5 65.
Kg2 h4 0-1

[Event "FICS rated blitz game"]
[Site "FICS freechess.org"]
[Date "2018.01.19"]
[Round "?"]
[White "ruskim"]
[Black "nicolaimanusb"]
[Result "1-0"]
[WhiteElo "1358"]
[BlackElo "1154"]
[PlyCount "35"]
[EventDate "2018.??.??"]
[EventType "blitz"]

1. e4 e5 2. Nf3 Nc6 3. c3 Bc5 4. d4 exd4 5. cxd4 Be7 6. d5 Nb8 7. Nc3 d6 8. Be2
h6 9. O-O Nf6 10. e5 Nfd7 11. e6 fxe6 12. dxe6 Nf6 13. Nd4 O-O 14. Bd3 b6 15.
Qf3 d5 16. Qg3 Nh5 17. Qg6 Qe8 18. Qh7# {Black checkmated} 1-0

[Event "FICS rated blitz game"]
[Site "FICS freechess.org"]
[Date "2018.01.19"]
[Round "?"]
[White "ramjirout"]
[Black "DELAVINANDIOR"]
[Result "1-0"]
[WhiteElo "1379"]
[BlackElo "1479"]
[PlyCount "49"]
[EventDate "2018.??.??"]
[EventType "blitz"]

1. e4 e5 2. Nf3 Nc6 3. c3 Nf6 4. Bd3 Be7 5. Bc2 d6 6. O-O O-O 7. h3 h6 8. d4
exd4 9. cxd4 b6 10. d5 Ne5 11. Nxe5 dxe5 12. Nc3 Bd7 13. a3 Bd6 14. Be3 Qc8 15.
Rc1 Bxh3 16. gxh3 Qxh3 17. f3 Qg3+ 18. Kh1 Qh3+ 19. Kg1 Ng4 20. fxg4 Qxe3+ 21.
Kg2 f5 22. exf5 Rae8 23. Qf3 Qg5 24. Ne4 Qf6 25. Nxf6+ {Black resigns} 1-0

[Event "FICS rated blitz game"]
[Site "FICS freechess.org"]
[Date "2018.01.19"]
[Round "?"]
[White "Uddo"]
[Black "ChessTheory"]
[Result "0-1"]
[WhiteElo "1457"]
[BlackElo "1500"]
[PlyCount "110"]
[EventDate "2018.??.??"]
[EventType "blitz"]

1. e4 e5 2. Nf3 Nc6 3. c3 Nf6 4. d4 Nxe4 5. dxe5 Be7 6. Bd3 Nc5 7. Bc2 O-O 8.
O-O d6 9. exd6 Bxd6 10. b4 Ne6 11. Qd3 g6 12. Bb2 Ne5 13. Nxe5 Bxe5 14. Qe3 Bg7
15. Nd2 Qg5 16. Qxg5 Nxg5 17. f4 Ne6 18. f5 Nd8 19. Rab1 Nc6 20. a3 a6 21. f6
Bh6 22. Ne4 Bf5 23. Bc1 Bxc1 24. Rbxc1 Rfe8 25. Nc5 Bxc2 26. Rxc2 b6 27. Nb3
Rad8 28. Rd2 Rxd2 29. Nxd2 Rd8 30. Nf3 Rd3 31. Rc1 Rd6 32. Nd4 Rxf6 33. Nxc6
Rxc6 34. a4 f5 35. c4 Kf7 36. Kf2 Rd6 37. Rc2 Ke7 38. h3 c6 39. Rc3 c5 40. bxc5
bxc5 41. Kf3 Ke6 42. a5 Rd4 43. g3 Ke5 44. Re3+ Re4 45. Rc3 Kd4 46. Rb3 Kxc4
47. Rb6 Kd3 48. Rxa6 c4 49. Rd6+ Rd4 50. Rxd4+ Kxd4 51. a6 c3 52. a7 c2 53.
a8=Q c1=Q 54. Qd8+ Ke5 55. Qe7+ Kd5 0-1

[Event "FICS rated blitz game"]
[Site "FICS freechess.org"]
[Date "2018.01.19"]
[Round "?"]
[White "pokernut"]
[Black "Collibri"]
[Result "1-0"]
[WhiteElo "1162"]
[BlackElo "1271"]
[PlyCount "51"]
[EventDate "2018.??.??"]
[EventType "blitz"]

1. e4 e5 2. Nf3 Nc6 3. c3 d6 4. Bd3 Bg4 5. h3 Bxf3 6. Qxf3 Nf6 7. O-O Be7 8.
Bc2 O-O 9. d3 h6 10. Qg3 Nh5 11. Qg4 Nf6 12. Qg3 Nh5 13. Qf3 Nf4 14. Bxf4 exf4
15. Qxf4 Bg5 16. Qg3 Ne5 17. d4 Ng6 18. f4 Bh4 19. Qg4 Nh8 20. f5 g5 21. g3 d5
22. gxh4 f6 23. hxg5 fxg5 24. e5 c5 25. f6 Nf7 26. Qh5 {Black resigns} 1-0

[Event "FICS rated standard game"]
[Site "FICS freechess.org"]
[Date "2018.01.19"]
[Round "?"]
[White "louarn"]
[Black "MarcoChessIT"]
[Result "0-1"]
[WhiteElo "1456"]
[BlackElo "1720"]
[PlyCount "28"]
[EventDate "2018.??.??"]

1. e4 Nc6 2. Nf3 e5 3. c3 d6 4. d4 Bg4 5. Be2 exd4 6. cxd4 Bxf3 7. Bxf3 Qh4 8.
O-O O-O-O 9. Nc3 Nh6 10. Bxh6 gxh6 11. d5 Ne5 12. a4 Rg8 13. Ne2 Nxf3+ 14. Kh1
Qxh2# {White checkmated} 0-1

[Event "FICS rated blitz game"]
[Site "FICS freechess.org"]
[Date "2018.01.19"]
[Round "?"]
[White "BiH"]
[Black "Alogron"]
[Result "0-1"]
[WhiteElo "1526"]
[BlackElo "1584"]
[PlyCount "86"]
[EventDate "2018.??.??"]
[EventType "blitz"]

1. e4 e5 2. Nf3 Nc6 3. c3 Nf6 4. d4 exd4 5. e5 Ne4 6. cxd4 d5 7. a3 Bg4 8. Be3
Bxf3 9. Qxf3 Be7 10. Bd3 Ng5 11. Qh5 g6 12. Qh6 Ne6 13. Bb5 Bg5 14. Qh3 Bxe3
15. fxe3 O-O 16. O-O Ng5 17. Qh6 Ne4 18. h4 Ng3 19. Rf3 Nf5 20. Rxf5 gxf5 21.
Nd2 Ne7 22. Qg5+ Kh8 23. Qf6+ Kg8 24. h5 c6 25. Bd3 Qd7 26. Nf3 Qe6 27. Qg5+
Kh8 28. Nh4 f6 29. Qh6 Rf7 30. Rf1 Ng8 31. Qf4 fxe5 32. dxe5 Ne7 33. Nxf5 Nxf5
34. Bxf5 Qe7 35. e6 Rf6 36. Qe5 Raf8 37. Bxh7 Kxh7 38. Rf4 Rxf4 39. exf4 Rf6
40. f5 Kh6 41. g4 Kg5 42. Kg2 Kxg4 43. h6 Kh5 0-1

[Event "FICS rated blitz game"]
[Site "FICS freechess.org"]
[Date "2018.01.19"]
[Round "?"]
[White "capricornus"]
[Black "CALBOT"]
[Result "0-1"]
[WhiteElo "1319"]
[BlackElo "1469"]
[PlyCount "88"]
[EventDate "2018.??.??"]
[EventType "blitz"]

1. e4 e5 2. Nf3 Nc6 3. c3 Nf6 4. d3 h6 5. b4 a6 6. a4 d5 7. exd5 Nxd5 8. Be2
Be7 9. O-O O-O 10. Bb2 f5 11. b5 axb5 12. axb5 Rxa1 13. Bxa1 Na7 14. c4 Nf6 15.
Bxe5 Bc5 16. d4 Bd6 17. c5 Bxe5 18. Nxe5 Be6 19. Qc2 Nd5 20. Bc4 Kh8 21. Ng6+
Kh7 22. Nxf8+ Qxf8 23. f4 Ne3 24. Qd3 Nxc4 25. Nd2 Nxd2 26. Qxd2 Nxb5 27. d5
Bd7 28. Qd3 Qxc5+ 29. Kh1 Nd6 30. h3 Qc4 31. Qd1 Ne4 32. Rf3 Nf6 33. Kh2 Qxd5
34. Qc2 Qe4 35. Qxc7 Bc6 36. Qc8 Nh5 37. Qf8 Nxf4 38. h4 Ng6 39. Qf7 Qxh4+ 40.
Kg1 Bxf3 41. gxf3 Qe1+ 42. Kg2 Nf4+ 43. Kh2 Qf2+ 44. Kh1 Qg2# {White checkmated
} 0-1

[Event "FICS rated blitz game"]
[Site "FICS freechess.org"]
[Date "2018.01.19"]
[Round "?"]
[White "pokernut"]
[Black "mygameisthebest"]
[Result "1-0"]
[WhiteElo "1175"]
[BlackElo "1298"]
[PlyCount "24"]
[EventDate "2018.??.??"]
[EventType "blitz"]

1. e4 e5 2. Nf3 Nc6 3. c3 Nf6 4. Bd3 Bc5 5. O-O O-O 6. Bc2 d5 7. d4 exd4 8.
cxd4 Bb6 9. e5 Nd7 10. Qd3 Re8 11. Qxh7+ Kf8 12. Qh8+ Ke7 {Black resigns} 1-0

[Event "FICS rated standard game"]
[Site "FICS freechess.org"]
[Date "2018.01.19"]
[Round "?"]
[White "Elguerra"]
[Black "Banassi"]
[Result "0-1"]
[WhiteElo "1412"]
[BlackElo "1527"]
[PlyCount "62"]
[EventDate "2018.??.??"]

1. e4 e5 2. Nf3 Nc6 3. c3 Bc5 4. b4 Bb6 5. Na3 d6 6. Bb5 Bg4 7. h3 Bh5 8. g4
Bg6 9. d4 exd4 10. cxd4 Bxe4 11. Qe2 d5 12. Ne5 Bxh1 13. Nxc6+ Ne7 14. Nxd8+
Kxd8 15. Bg5 f6 16. Bxf6 gxf6 17. g5 c6 18. gxf6 Ng6 19. f7 cxb5 20. Nxb5 a6
21. Nd6 Kd7 22. Ne8 Rhxe8 23. fxe8=Q+ Rxe8 24. Qxe8+ Kxe8 25. Kd2 Be4 26. Re1
Kd7 27. f3 Bxf3 28. a4 Be4 29. Rf1 Ke7 30. Ke3 Nh4 31. Rf4 Ng2+ {White resigns}
0-1

[Event "FICS rated blitz game"]
[Site "FICS freechess.org"]
[Date "2018.01.19"]
[Round "?"]
[White "denk"]
[Black "DVYate"]
[Result "1-0"]
[WhiteElo "1346"]
[BlackElo "1292"]
[PlyCount "41"]
[EventDate "2018.??.??"]
[EventType "blitz"]

1. e4 e5 2. Nf3 Nc6 3. c3 h6 4. Bc4 Bc5 5. d4 exd4 6. cxd4 Bb6 7. O-O Nge7 8.
d5 Na5 9. Bd3 O-O 10. Nc3 d6 11. Re1 c6 12. b4 f5 13. bxa5 Bxa5 14. dxc6 Nxc6
15. Bb2 Bb6 16. Nd5 Bc5 17. Qc1 f4 18. Bc4 Kh8 19. Nxf4 Bg4 20. Nh5 Bxh5 21.
Qxh6# {Black checkmated} 1-0

[Event "FICS rated blitz game"]
[Site "FICS freechess.org"]
[Date "2018.01.19"]
[Round "?"]
[White "denk"]
[Black "piekar"]
[Result "0-1"]
[WhiteElo "1380"]
[BlackElo "1361"]
[PlyCount "62"]
[EventDate "2018.??.??"]
[EventType "blitz"]

1. e4 e5 2. Nf3 Nc6 3. c3 Bc5 4. Bc4 Nf6 5. d4 exd4 6. cxd4 Bb4+ 7. Nc3 Nxe4 8.
O-O Nxc3 9. bxc3 Be7 10. Re1 O-O 11. Qe2 d5 12. Bb5 Bf6 13. Bd3 Bg4 14. Be3 Qd7
15. h3 Bh5 16. g4 Bg6 17. Kg2 Rae8 18. Qc2 a6 19. Bf4 Nd8 20. g5 Be7 21. Ne5
Bxd3 22. Qxd3 Qc8 23. h4 Bd6 24. Qf3 f6 25. Qxd5+ Kh8 26. Nf7+ Nxf7 27. Bxd6
Nxd6 28. Rxe8 Rxe8 29. gxf6 gxf6 30. Rg1 Rg8+ 31. Kf1 Qh3+ 0-1

[Event "FICS rated blitz game"]
[Site "FICS freechess.org"]
[Date "2018.01.19"]
[Round "?"]
[White "yobiatch"]
[Black "Phigrin"]
[Result "1-0"]
[WhiteElo "1223"]
[BlackElo "1336"]
[PlyCount "59"]
[EventDate "2018.??.??"]
[EventType "blitz"]

1. e4 e5 2. Nf3 Nc6 3. c3 d5 4. exd5 Qxd5 5. d4 Bg4 6. Be2 O-O-O 7. Qc2 exd4 8.
cxd4 Bxf3 9. Bxf3 Re8+ 10. Be3 Qxd4 11. O-O Qh4 12. Bxc6 Bd6 13. h3 Qe7 14.
Bxe8 Qxe8 15. Nc3 Qe5 16. g3 h5 17. Bf4 Qc5 18. Bxd6 Qxd6 19. Rfd1 Qf6 20. Ne4
Qf5 21. Qd3 Ne7 22. Rac1 Qxh3 23. Nd6+ Kb8 24. Nxf7 h4 25. Qc3 hxg3 26. Qxc7+
Ka8 27. Rd8+ Rxd8 28. Qxd8+ Nc8 29. Rxc8+ Qxc8 30. Qxc8# {Black checkmated} 1-0

[Event "FICS rated blitz game"]
[Site "FICS freechess.org"]
[Date "2018.01.19"]
[Round "?"]
[White "JoaoC"]
[Black "REDDHIOS"]
[Result "1-0"]
[WhiteElo "1534"]
[BlackElo "1060"]
[PlyCount "39"]
[EventDate "2018.??.??"]
[EventType "blitz"]

1. e4 e5 2. Nf3 Nc6 3. c3 a6 4. d3 d6 5. Be2 Bd7 6. Nbd2 Nce7 7. Nf1 Ng6 8. Ng3
Nh4 9. O-O Nxg2 10. Kxg2 Qe7 11. Nf5 Bxf5 12. exf5 Qf6 13. Qa4+ b5 14. Qe4 Ne7
15. Qxa8+ Kd7 16. Qxa6 Nxf5 17. Qxb5+ Ke7 18. Bg5 Nh4+ 19. Bxh4 g5 20. Bxg5 1-0

[Event "FICS rated blitz game"]
[Site "FICS freechess.org"]
[Date "2018.01.19"]
[Round "?"]
[White "Leftang"]
[Black "sdarjee"]
[Result "0-1"]
[WhiteElo "1187"]
[BlackElo "1226"]
[PlyCount "40"]
[EventDate "2018.??.??"]
[EventType "blitz"]

1. e4 e5 2. Nf3 Nc6 3. c3 d5 4. exd5 Qxd5 5. b4 a6 6. a4 e4 7. Nd4 Nxd4 8. cxd4
Qxd4 9. Nc3 Bxb4 10. Qb3 Be6 11. Qc2 Bc5 12. Kd1 Nf6 13. Rb1 Qxf2 14. Be2 Qxg2
15. Rf1 Qxh2 16. Rxb7 Bb6 17. Nxe4 Nxe4 18. Qxe4 O-O 19. Rh1 Bb3+ 20. Ke1 Qf2#
{White checkmated} 0-1

[Event "FICS rated blitz game"]
[Site "FICS freechess.org"]
[Date "2018.01.19"]
[Round "?"]
[White "awitaliy"]
[Black "kynaidu"]
[Result "0-1"]
[WhiteElo "1387"]
[BlackElo "1132"]
[PlyCount "42"]
[EventDate "2018.??.??"]
[EventType "blitz"]

1. e4 e5 2. Nf3 Nc6 3. c3 Nf6 4. Bd3 Bc5 5. Bc2 d5 6. exd5 Qxd5 7. O-O Qd8 8.
h3 h5 9. a3 Ng4 10. d4 exd4 11. cxd4 Bd7 12. dxc5 Qe7 13. Re1 Be6 14. Bf5 Rd8
15. Qa4 Kf8 16. hxg4 hxg4 17. Bxg4 Bxg4 18. Qxg4 Ne5 19. Rxe5 Rd1+ 20. Ne1
Rxe1+ 21. Rxe1 Qxe1# {White checkmated} 0-1

[Event "FICS rated blitz game"]
[Site "FICS freechess.org"]
[Date "2018.01.19"]
[Round "?"]
[White "BiH"]
[Black "Alogron"]
[Result "0-1"]
[WhiteElo "1540"]
[BlackElo "1570"]
[PlyCount "80"]
[EventDate "2018.??.??"]
[EventType "blitz"]

1. e4 e5 2. Nf3 Nc6 3. c3 d6 4. d4 exd4 5. cxd4 Bg4 6. Be3 Bxf3 7. Qxf3 Nf6 8.
Bb5 a6 9. Ba4 b5 10. Bb3 Na5 11. Bc2 Be7 12. b3 O-O 13. Bd2 c5 14. e5 dxe5 15.
dxe5 Nd7 16. Qd5 c4 17. O-O Qc7 18. Bxa5 Qxa5 19. Qxd7 cxb3 20. Bxb3 Bc5 21. a4
Qb4 22. Bd5 Rfd8 23. Qxf7+ Kh8 24. Bxa8 Rxa8 25. Ra2 Rf8 26. Qd5 bxa4 27. Nd2
Bd4 28. Nf3 Bb2 29. e6 a3 30. Re1 Rxf3 31. gxf3 Qxe1+ 32. Kg2 h6 33. Qd8+ Kh7
34. e7 Bf6 35. e8=Q Bxd8 36. Qxe1 Bf6 37. Qe6 h5 38. Qf7 h4 39. Rc2 h3+ 40.
Kxh3 a2 0-1

[Event "FICS rated blitz game"]
[Site "FICS freechess.org"]
[Date "2018.01.19"]
[Round "?"]
[White "Ubuntero"]
[Black "BillyRod"]
[Result "1-0"]
[WhiteElo "1165"]
[BlackElo "1192"]
[PlyCount "61"]
[EventDate "2018.??.??"]
[EventType "blitz"]

1. e4 e5 2. Nf3 Nc6 3. c3 Nf6 4. d3 d5 5. h3 d4 6. a3 dxc3 7. Nxc3 Bc5 8. Bg5
O-O 9. b4 Bd4 10. Rc1 h6 11. Bh4 Re8 12. Be2 Bxc3+ 13. Rxc3 Qd4 14. Qd2 Nd7 15.
O-O Nb6 16. Nxd4 Nxd4 17. Rxc7 Ne6 18. Rcc1 Nf4 19. Bf3 f5 20. Kh2 fxe4 21.
Bxe4 Be6 22. g3 Nxh3 23. f4 Rad8 24. fxe5 Rd4 25. Bf6 gxf6 26. Rxf6 Ng5 27.
Rxh6 Rxe4 28. Qxg5+ Kf8 29. dxe4 Nd7 30. Rf1+ Bf7 31. Rh8# {Black checkmated}
1-0

[Event "FICS unrated blitz game"]
[Site "FICS freechess.org"]
[Date "2018.01.19"]
[Round "?"]
[White "gmarius"]
[Black "JoaoC"]
[Result "0-1"]
[WhiteElo "1149"]
[BlackElo "1531"]
[PlyCount "32"]
[EventDate "2018.??.??"]
[EventType "blitz"]

1. e4 e5 2. Nf3 Nc6 3. c3 Bc5 4. h3 Nf6 5. d3 O-O 6. Be2 d5 7. exd5 Nxd5 8. Bd2
Nf4 9. O-O Nxh3+ 10. gxh3 Bxh3 11. Re1 Qf6 12. Bg5 Qg6 13. d4 exd4 14. Bd3 Qh5
15. cxd4 Qg4+ 16. Kh1 Qg2# {White checkmated} 0-1

[Event "FICS rated blitz game"]
[Site "FICS freechess.org"]
[Date "2018.01.19"]
[Round "?"]
[White "awitaliy"]
[Black "unniboss"]
[Result "1-0"]
[WhiteElo "1341"]
[BlackElo "1337"]
[PlyCount "51"]
[EventDate "2018.??.??"]
[EventType "blitz"]

1. e4 e5 2. Nf3 Nc6 3. c3 Bc5 4. Bd3 d6 5. h3 Nf6 6. Bc2 O-O 7. O-O h6 8. a3 a6
9. d4 exd4 10. cxd4 Ba7 11. Nc3 Re8 12. d5 Ne5 13. Nh2 Bd7 14. Kh1 Ng6 15. f4
Qc8 16. Nf3 Re7 17. e5 dxe5 18. fxe5 Nh7 19. Bxg6 fxg6 20. e6 Be8 21. Ne5 Nf6
22. Qd3 g5 23. Ng6 Bxg6 24. Qxg6 Qd8 25. Rxf6 Qxd5 26. Nxd5 {Black resigns} 1-0

[Event "FICS rated blitz game"]
[Site "FICS freechess.org"]
[Date "2018.01.19"]
[Round "?"]
[White "feroze"]
[Black "hugoregi"]
[Result "1-0"]
[WhiteElo "1479"]
[BlackElo "1219"]
[PlyCount "25"]
[EventDate "2018.??.??"]
[EventType "blitz"]

1. e4 e5 2. Nf3 Nc6 3. c3 g6 4. d4 exd4 5. cxd4 Bb4+ 6. Bd2 Bxd2+ 7. Nbxd2 Nf6
8. e5 Nd5 9. Ne4 d6 10. Bc4 Nf4 11. Nf6+ Kf8 12. O-O Be6 13. d5 {Black resigns}
1-0

[Event "FICS rated blitz game"]
[Site "FICS freechess.org"]
[Date "2018.01.19"]
[Round "?"]
[White "FOWARDL"]
[Black "churningpigskin"]
[Result "0-1"]
[WhiteElo "1115"]
[BlackElo "1290"]
[PlyCount "64"]
[EventDate "2018.??.??"]
[EventType "blitz"]

1. e4 e5 2. Nf3 Nc6 3. c3 Nf6 4. d4 exd4 5. e5 Qe7 6. Qe2 Ng4 7. Bf4 dxc3 8.
Nxc3 d6 9. Nd5 Qd7 10. Qc4 Ncxe5 11. Bxe5 Nxe5 12. Nxc7+ Kd8 13. Nxe5 Qxc7 14.
Qxc7+ Kxc7 15. Nxf7 Rg8 16. Bc4 Be7 17. Nxd6 Rf8 18. Ne4 Bb4+ 19. Nc3 Bxc3+ 20.
bxc3 Re8+ 21. Kd2 Bg4 22. Kc2 Rad8 23. Kb3 a6 24. h3 Bd7 25. Rad1 b5 26. Bf7
Rf8 27. Bh5 Rxf2 28. Bf3 Be6+ 29. Kb4 Rxd1 30. Rxd1 Rxa2 31. Bg4 Ra4+ 32. Kc5
Rc4# {White checkmated} 0-1

[Event "FICS rated blitz game"]
[Site "FICS freechess.org"]
[Date "2018.01.19"]
[Round "?"]
[White "awitaliy"]
[Black "KIAUA"]
[Result "0-1"]
[WhiteElo "1356"]
[BlackElo "1441"]
[PlyCount "76"]
[EventDate "2018.??.??"]
[EventType "blitz"]

1. e4 e5 2. Nf3 Nc6 3. c3 Bc5 4. Bd3 d6 5. h3 Nf6 6. Bc2 O-O 7. O-O d5 8. d4
exd4 9. e5 Ne4 10. cxd4 Bb6 11. Nc3 Nxc3 12. bxc3 f5 13. exf6 Qxf6 14. Ba3 Re8
15. Nh2 Ne7 16. Ng4 Qg5 17. Bc1 Qh4 18. Ne5 Nf5 19. Bd3 c5 20. dxc5 Bxc5 21.
Bxf5 Bxf5 22. Qxd5+ Be6 23. Qxc5 Rac8 24. Qxa7 Bxh3 25. gxh3 Rxe5 26. Qxb7 Rf8
27. Rb1 Qxh3 28. Rb4 Re6 29. Qd5 Rff6 30. Bf4 Rg6+ 31. Bg3 h5 32. Rb8+ Kh7 33.
Qd3 h4 34. Rb4 hxg3 35. fxg3 Qxg3+ 36. Qxg3 Rxg3+ 37. Kf2 Rgg6 38. Rh4+ Kg8 0-1

[Event "FICS rated blitz game"]
[Site "FICS freechess.org"]
[Date "2018.01.19"]
[Round "?"]
[White "sasfro"]
[Black "Kravchenko"]
[Result "0-1"]
[WhiteElo "1339"]
[BlackElo "1339"]
[PlyCount "27"]
[EventDate "2018.??.??"]
[EventType "blitz"]

1. e4 e5 2. Nf3 Nc6 3. c3 Bc5 4. d4 exd4 5. cxd4 Bb6 6. Bc4 h6 7. O-O d6 8. Re1
Nge7 9. e5 dxe5 10. dxe5 O-O 11. Nc3 Ng6 12. Bd2 Bg4 13. Qb3 Bxf3 14. gxf3 0-1

[Event "FICS rated blitz game"]
[Site "FICS freechess.org"]
[Date "2018.01.19"]
[Round "?"]
[White "wotomei"]
[Black "isaa"]
[Result "0-1"]
[WhiteElo "1213"]
[BlackElo "1259"]
[PlyCount "92"]
[EventDate "2018.??.??"]
[EventType "blitz"]

1. e4 e5 2. Nf3 Nc6 3. c3 d6 4. d4 Bg4 5. d5 Nce7 6. h3 Bh5 7. g4 Bg6 8. Bd3 h6
9. Be3 Nf6 10. Qc2 a6 11. Nbd2 b5 12. Nb3 Qc8 13. h4 Nxg4 14. h5 Bh7 15. Bd2 c6
16. c4 g6 17. O-O-O Nxf2 18. Be2 Nxd1 19. Bxd1 g5 20. Bb4 Ng8 21. c5 dxc5 22.
Bxc5 g4 23. Nfd2 Nf6 24. Bb6 Nxd5 25. exd5 Bxc2 26. Bxc2 cxd5 27. Re1 Bg7 28.
Rf1 d4 29. Kb1 Qc6 30. Ba5 f6 31. Be4 Qc8 32. Bxa8 Qxa8 33. Ne4 Qxe4+ 34. Ka1
Qe2 35. Re1 Qh2 36. a3 g3 37. Nc5 g2 38. Ne6 Kd7 39. Nxg7 Rg8 40. Nf5 g1=Q 41.
Nxh6 Qxe1+ 42. Bxe1 Rg1 43. Nf5 Rxe1+ 44. Ka2 Qe2 45. Ng3 Qc4+ 46. b3 Qc3 0-1

[Event "FICS rated blitz game"]
[Site "FICS freechess.org"]
[Date "2018.01.19"]
[Round "?"]
[White "morts"]
[Black "SharkXL"]
[Result "0-1"]
[WhiteElo "1153"]
[BlackElo "1191"]
[PlyCount "68"]
[EventDate "2018.??.??"]
[EventType "blitz"]

1. e4 e5 2. Nf3 Nc6 3. c3 d6 4. d4 exd4 5. cxd4 Bg4 6. Be2 Nf6 7. d5 Bxf3 8.
Bxf3 Ne5 9. Bg5 Be7 10. O-O O-O 11. Nd2 Nfd7 12. Be3 f5 13. exf5 Rxf5 14. Be4
Rf8 15. Bd4 Bf6 16. Bf5 c5 17. Be6+ Kh8 18. Be3 Nb6 19. Nf3 Nxf3+ 20. Qxf3 Bxb2
21. Rab1 Rxf3 22. Rxb2 Rf8 23. Rc2 Qf6 24. g3 Qe5 25. Bf4 Qe4 26. Rcc1 Nxd5 27.
Bxd6 Rfe8 28. Bxd5 Qxd5 29. Bxc5 Re2 30. Rcd1 Qxc5 31. Rc1 Qe5 32. f4 Qe3+ 33.
Kh1 Qe4+ 34. Kg1 Qg2# {White checkmated} 0-1

[Event "FICS rated blitz game"]
[Site "FICS freechess.org"]
[Date "2018.01.19"]
[Round "?"]
[White "feroze"]
[Black "LTVT"]
[Result "0-1"]
[WhiteElo "1489"]
[BlackElo "1309"]
[PlyCount "90"]
[EventDate "2018.??.??"]
[EventType "blitz"]

1. e4 e5 2. Nf3 Nc6 3. c3 d6 4. d4 Nf6 5. d5 Ne7 6. Bg5 Ng6 7. h3 Be7 8. Be2 h6
9. Be3 Nf4 10. Bxf4 exf4 11. e5 dxe5 12. Nxe5 Bd6 13. Nf3 O-O 14. O-O Re8 15.
Re1 Bd7 16. c4 Qc8 17. Bf1 b6 18. Nc3 Bxh3 19. Rxe8+ Qxe8 20. gxh3 Nh5 21. Qe2
Qd7 22. Ne5 Bxe5 23. Qxe5 Nf6 24. Qxf4 Re8 25. Rd1 a5 26. Rd3 c6 27. dxc6 Qxc6
28. Rd6 Qc5 29. Nd5 Ne4 30. Bd3 Ng5 31. Kg2 Rf8 32. h4 Ne6 33. Rxe6 fxe6 34.
Bh7+ Kxh7 35. Qe4+ Kg8 36. Qxe6+ Kh8 37. f4 Qd4 38. Ne3 Qd2+ 39. Kg3 Qe1+ 40.
Kh3 Qd2 41. Nf5 Qxb2 42. Nxh6 gxh6 43. Qxh6+ Kg8 44. Qg6+ Qg7 45. Qe6+ Kh8 {
White resigns} 0-1

[Event "FICS rated standard game"]
[Site "FICS freechess.org"]
[Date "2018.01.19"]
[Round "?"]
[White "Vienetici"]
[Black "cpotnar"]
[Result "1-0"]
[WhiteElo "1422"]
[BlackElo "1516"]
[PlyCount "45"]
[EventDate "2018.??.??"]

1. e4 e5 2. Nf3 Nc6 3. c3 Bc5 4. Be2 d6 5. h3 Nf6 6. d4 exd4 7. e5 dxe5 8. Bg5
h5 9. b4 Nxb4 10. Nxe5 Qd6 11. Nc4 Qe6 12. O-O d3 13. Bf3 Nc2 14. Qxd3 Nxa1 15.
Bd5 Qf5 16. Re1+ Be6 17. Qd2 Bxf2+ 18. Kh2 Bxe1 19. Qxe1 O-O 20. Bxf6 Qxd5 21.
Nbd2 Nc2 22. Qg3 Kh7 23. Qxg7# {Black checkmated} 1-0

[Event "FICS rated blitz game"]
[Site "FICS freechess.org"]
[Date "2018.01.19"]
[Round "?"]
[White "KudaSholeh"]
[Black "ArifLubis"]
[Result "1-0"]
[WhiteElo "1471"]
[BlackElo "1520"]
[PlyCount "57"]
[EventDate "2018.??.??"]
[EventType "blitz"]

1. e4 e5 2. Nf3 Nc6 3. c3 d5 4. exd5 Qxd5 5. d4 Bg4 6. Be2 e4 7. Ne5 Nxe5 8.
dxe5 Be6 9. Qxd5 Bxd5 10. O-O O-O-O 11. f4 Bc5+ 12. Kh1 Ne7 13. a4 Nf5 14. b4
Be3 15. g4 Bxc1 16. gxf5 Be3 17. b5 Bc5 18. c4 h6 19. cxd5 Rxd5 20. Bc4 Rd4 21.
Bxf7 Kd7 22. Be6+ Ke7 23. Nc3 Rhd8 24. Rad1 e3 25. Nd5+ Kf8 26. Nxe3 Rxd1 27.
Nxd1 Rd4 28. Nc3 Rc4 29. Bxc4 {Black resigns} 1-0